00349 a2200121 45000010005000001000020000052450037000252600024000620900015000869420023001019990019001249520084001436983 aImmamuddin, S.M aPolitical history of the Muslims abNajmah and sonsc c5766d5766 aNUST-CAEcMc32229 c242056d242056 001040708NFICaCAEbCAEd2017-04-03l0pCAE15326r2017-04-05w2017-04-05yBK